[Event "BCF-chT1a 0910 (4NCL)"]
[Site "England"]
[Date "2009.10.25"]
[Round "2.7"]
[White "Bellin, Jana"]
[Black "Rechel, Bernd"]
[Result "0-1"]
[WhiteElo "2151"]
[BlackElo "2416"]
[PlyCount "112"]
[EventDate "2009.10.24"]
[EventType "team-tourn"]
[EventRounds "7"]
[EventCountry "ENG"]
[SourceTitle "EXT 2011"]
[Source "ChessBase"]
[SourceDate "2010.11.26"]
[SourceVersion "1"]
[SourceVersionDate "2010.11.26"]
[SourceQuality "1"]
[WhiteTeam "The ADS"]
[BlackTeam "Wood Green Hilsmark Kingfisher"]
[WhiteTeamCountry "ENG"]
[BlackTeamCountry "ENG"]

1. d4 Nf6 2. Nf3 g6 3. c4 Bg7 4. Nc3 0-0 5. Bg5 d6 6. e3 c6 7. Be2 Nbd7 8. 0-0 h6 9. Bh4 g5 10. Bg3 Nh5 11. Qc2 Nxg3 12. hxg3 e5 13. dxe5 dxe5 14. Rab1 f5 15. b4 a5 16. a3 axb4 17. axb4 e4 18. Nd4 Ne5 19. c5 g4 20. Na4 Qf6 21. Nb6 Rb8 22. Rfd1 Kh8 23. Bc4 h5 24. Nxc8 Rbxc8 25. Ne6 Rfe8 26. Rd6 Nxc4 27. Qxc4 Qf7 28. Qb3 Be5 29. Ng5 Qxb3 30. Rxb3 Bxd6 31. Nf7+ Kg7 32. Nxd6 Rcd8 33. Nxe8+ Rxe8 34. Ra3 Kf6 35. Ra7 Rb8 36. Ra2 Rd8 37. Kf1 Rd1+ 38. Ke2 Rb1 39. Kd2 Rxb4 40. Kc3 Rb1 41. Rd2 Ke5 42. Kc4 Rc1+ 43. Kb4 Rg1 44. Kc4 Rxg2 45. Rd7 Rxf2 46. Re7+ Kf6 47. Rxb7 Rc2+ 48. Kd4 Rd2+ 49. Kc4 Rd3 50. Rc7 Rxe3 51. Rxc6+ Ke5 52. Rh6 Rxg3 53. c6 Rg1 54. Rh8 Rc1+ 55. Kb5 e3 56. Rh7 Kf4 0-1

[Event "Oberliga Ost-B 0809"]
[Site "Germany"]
[Date "2008.11.29"]
[Round "2.1"]
[White "Rechel, Bernd"]
[Black "Kunin, Vitaly L"]
[Result "1/2-1/2"]
[WhiteElo "2422"]
[BlackElo "2548"]
[PlyCount "29"]
[EventDate "2008.10.26"]
[EventType "team-tourn"]
[EventRounds "11"]
[EventCountry "GER"]
[SourceTitle "EXT 2010"]
[Source "ChessBase"]
[SourceDate "2010.11.25"]
[SourceVersion "1"]
[SourceVersionDate "2010.11.25"]
[SourceQuality "1"]
[WhiteTeam "Hofheim II"]
[BlackTeam "Moerlenbach"]
[WhiteTeamCountry "GER"]
[BlackTeamCountry "GER"]

1. e4 c5 2. Nf3 e6 3. d4 cxd4 4. Nxd4 Nc6 5. Nc3 a6 6. Be3 Qc7 7. f4 d6 8. Bd3 Nf6 9. 0-0 Be7 10. Qf3 Bd7 11. Rae1 0-0 12. Qg3 Nh5 13. Qf3 Nf6 14. Qg3 Nh5 15. Qf3 1/2-1/2

[Event "Oberliga Ost-B 0708"]
[Site "Germany"]
[Date "2008.01.20"]
[Round "7.1"]
[White "Lutz, Klaus Juergen"]
[Black "Rechel, Bernd"]
[Result "1-0"]
[WhiteElo "2345"]
[BlackElo "2415"]
[PlyCount "93"]
[EventDate "2007.10.07"]
[EventType "team-tourn"]
[EventRounds "11"]
[EventCountry "GER"]
[SourceTitle "EXT 2009"]
[Source "ChessBase"]
[SourceDate "2008.11.26"]
[SourceVersion "1"]
[SourceVersionDate "2008.11.26"]
[SourceQuality "1"]
[WhiteTeam "Steinbach"]
[BlackTeam "Hofheim II"]
[WhiteTeamCountry "GER"]
[BlackTeamCountry "GER"]

1. e4 c5 2. c3 Nf6 3. e5 Nd5 4. Nf3 Nc6 5. Bc4 Nb6 6. Bb3 c4 7. Bc2 Qc7 8. Qe2 g5 9. h3 Bg7 10. 0-0 Nxe5 11. Nxg5 h6 12. Nf3 d5 13. Re1 Nxf3+ 14. Qxf3 e5 15. d3 cxd3 16. Bxd3 Be6 17. Qg3 Kf8 18. Na3 Nd7 19. Be3 a6 20. f4 e4 21. Be2 Bf6 22. Qf2 Rg8 23. f5 Bxf5 24. Qxf5 Qg3 25. Bg4 Be5 26. Bxh6+ Rg7 27. Qxd7 Kg8 28. Bxg7 Kxg7 29. Bh5 Kh8 30. Qxf7 Qh2+ 31. Kf1 Bg7 32. Bf3 exf3 33. Qh5+ Kg8 34. Qxd5+ Kh7 35. Qh5+ Kg8 36. Re8+ Rxe8 37. Qxe8+ Kh7 38. Qe4+ Kg8 39. Qd5+ Kh7 40. Qd3+ Kg8 41. Qd8+ Kh7 42. Qh4+ Bh6 43. Qf2 Qh1+ 44. Qg1 fxg2+ 45. Kf2 Qxh3 46. Qxg2 Qe3+ 47. Kf1 1-0

[Event "Oberliga Ost-B 0607"]
[Site "Germany"]
[Date "2007.04.21"]
[Round "10.1"]
[White "Rechel, Bernd"]
[Black "Wege, Jochen"]
[Result "1-0"]
[WhiteElo "2408"]
[BlackElo "2284"]
[PlyCount "49"]
[EventDate "2006.10.15"]
[EventType "team-tourn"]
[EventRounds "11"]
[EventCountry "GER"]
[SourceTitle "EXT 2008"]
[Source "ChessBase"]
[SourceDate "2007.11.25"]
[SourceVersion "1"]
[SourceVersionDate "2007.11.25"]
[SourceQuality "1"]
[WhiteTeam "Hofheim II"]
[BlackTeam "Frankfurt BvK"]
[WhiteTeamCountry "GER"]
[BlackTeamCountry "GER"]

1. e4 e6 2. d4 d5 3. exd5 exd5 4. Nf3 Nf6 5. c4 Be7 6. Nc3 0-0 7. Bd3 dxc4 8. Bxc4 Nbd7 9. 0-0 Nb6 10. Bb3 c6 11. Ne5 Nbd5 12. Re1 Be6 13. Na4 Re8 14. Bd2 Qc7 15. Rc1 Rad8 16. Qf3 Bb4 17. Bxb4 Nxb4 18. Bxe6 Rxe6 19. Nc5 Red6 20. a3 Na2 21. Rcd1 Rxd4 22. Rxd4 Rxd4 23. Qe3 Qd6 24. Nxb7 Qd5 25. Nxc6 1-0

[Event "BCF-chT 0607 (4NCL)"]
[Site "Sunningdale"]
[Date "2007.03.03"]
[Round "7.3"]
[White "Blackburn, Jonathan LB"]
[Black "Rechel, Bernd"]
[Result "0-1"]
[WhiteElo "2206"]
[BlackElo "2408"]
[PlyCount "60"]
[EventDate "2006.09.16"]
[EventType "team"]
[EventRounds "11"]
[EventCountry "ENG"]
[SourceTitle "EXT 2008"]
[Source "ChessBase"]
[SourceDate "2007.11.25"]
[SourceVersion "1"]
[SourceVersionDate "2007.11.25"]
[SourceQuality "1"]
[WhiteTeam "SW Dragons"]
[BlackTeam "Wood Green"]
[WhiteTeamCountry "ENG"]
[BlackTeamCountry "ENG"]

1. d4 f5 2. g3 Nf6 3. Bg2 g6 4. Nf3 Bg7 5. 0-0 0-0 6. Nbd2 d6 7. a4 Nc6 8. Nc4 h6 9. c3 e6 10. b4 Ne4 11. Qb3 a6 12. Ra3 Ne7 13. Nfd2 Kh7 14. Nxe4 fxe4 15. Ne3 d5 16. f3 e5 17. dxe5 exf3 18. exf3 Bxe5 19. f4 Bg7 20. Bxd5 Nxd5 21. Qxd5 Bh3 22. Rd1 Qe7 23. Qxb7 Rad8 24. Rxd8 Rxd8 25. Qf3 Rd3 26. c4 Rxa3 27. Bxa3 Bd4 28. Kf2 Bg4 29. Qxg4 Qxe3+ 30. Kg2 Qf2+ 0-1

[Event "BCF-chT 0506 (4NCL)"]
[Site "Birmingham"]
[Date "2006.01.14"]
[Round "5.6"]
[White "Broom, Mark"]
[Black "Rechel, Bernd"]
[Result "1/2-1/2"]
[WhiteElo "2189"]
[BlackElo "2416"]
[PlyCount "85"]
[EventDate "2005.10.22"]
[EventType "team"]
[EventRounds "11"]
[EventCountry "ENG"]
[SourceTitle "EXT 2007"]
[Source "ChessBase"]
[SourceDate "2006.11.23"]
[SourceVersion "1"]
[SourceVersionDate "2006.11.23"]
[SourceQuality "1"]
[WhiteTeam "The ADS"]
[BlackTeam "Wood Green II"]
[WhiteTeamCountry "ENG"]
[BlackTeamCountry "ENG"]

1. c4 e5 2. g3 Nc6 3. Bg2 g6 4. Nc3 Bg7 5. e4 d6 6. Nge2 f5 7. d3 Nf6 8. 0-0 0-0 9. Nd5 Be6 10. Bg5 Qd7 11. Qd2 Ne8 12. Rae1 Nd8 13. exf5 gxf5 14. f4 c6 15. Ndc3 Nf7 16. Bh4 Nh8 17. fxe5 dxe5 18. Bg5 Nf6 19. b3 Nf7 20. Ne4 Nxg5 21. Nxg5 Bh6 22. h4 Rad8 23. Nf4 Bxg5 24. hxg5 Ng4 25. Nxe6 Qxe6 26. Bf3 Rd4 27. Qc3 Qd6 28. c5 Qd8 29. Bxg4 Rxg4 30. Qxe5 Qxg5 31. Qe6+ Rf7 32. Qe8+ Kg7 33. Qe5+ Kh6 34. Kg2 Qf6 35. Qxf6+ Rxf6 36. Rh1+ Kg6 37. Re7 f4 38. Rexh7 Rxg3+ 39. Kf2 Rxd3 40. R1h6+ Kf5 41. Rxf6+ Kxf6 42. Rxb7 Rd2+ 43. Kf3 1/2-1/2

[Event "BCF-chT 0506 (4NCL)"]
[Site "Birmingham"]
[Date "2005.11.20"]
[Round "4.5"]
[White "Rechel, Bernd"]
[Black "James, Dale R"]
[Result "1/2-1/2"]
[WhiteElo "2416"]
[BlackElo "2199"]
[PlyCount "104"]
[EventDate "2005.10.22"]
[EventType "team"]
[EventRounds "11"]
[EventCountry "ENG"]
[SourceTitle "EXT 2007"]
[Source "ChessBase"]
[SourceDate "2006.11.23"]
[SourceVersion "1"]
[SourceVersionDate "2006.11.23"]
[SourceQuality "1"]
[WhiteTeam "Wood Green II"]
[BlackTeam "Numerica 3CS"]
[WhiteTeamCountry "ENG"]
[BlackTeamCountry "ENG"]

1. e4 Nf6 2. e5 Nd5 3. d4 d6 4. Nf3 Bg4 5. Be2 e6 6. Ng5 Bxe2 7. Qxe2 Nc6 8. Nf3 dxe5 9. dxe5 h6 10. 0-0 Bc5 11. Rd1 Qe7 12. c4 Nb6 13. Nc3 Rd8 14. Bf4 a6 15. Rxd8+ Kxd8 16. a3 Kc8 17. b4 Bd4 18. Nxd4 Nxd4 19. Qe4 Rd8 20. c5 Na8 21. Be3 f5 22. exf6 Qxf6 23. Bxd4 Rxd4 24. Qe2 c6 25. Re1 Nc7 26. Ne4 Qf4 27. g3 Qf8 28. Qe3 Rd7 29. Nd6+ Kb8 30. Qe5 Qf6 31. Qxf6 gxf6 32. Re4 Rg7 33. f4 f5 34. Re2 Rg6 35. Kg2 Nd5 36. Kh3 Kc7 37. Nc4 Nc3 38. Re1 Ne4 39. Kg2 Rg7 40. Rd1 Re7 41. Rd4 Rg7 42. Kh3 h5 43. Nd6 Rd7 44. Kh4 Nf6 45. Kg5 Nd5 46. Rd2 Rg7+ 47. Kh4 Rg4+ 48. Kh3 h4 49. Nc4 hxg3 50. hxg3 Rg6 51. Ne5 Rg7 52. Nf3 Kd7 1/2-1/2

[Event "BCF-chT 0506 (4NCL)"]
[Site "Birmingham"]
[Date "2005.11.19"]
[Round "3.5"]
[White "Conquest, Stuart"]
[Black "Rechel, Bernd"]
[Result "1-0"]
[WhiteElo "2514"]
[BlackElo "2416"]
[PlyCount "87"]
[EventDate "2005.10.22"]
[EventType "team"]
[EventRounds "11"]
[EventCountry "ENG"]
[SourceTitle "EXT 2007"]
[Source "ChessBase"]
[SourceDate "2006.11.23"]
[SourceVersion "1"]
[SourceVersionDate "2006.11.23"]
[SourceQuality "1"]
[WhiteTeam "Guildford"]
[BlackTeam "Wood Green II"]
[WhiteTeamCountry "ENG"]
[BlackTeamCountry "ENG"]

1. d4 f5 2. g3 Nf6 3. Bg2 g6 4. Nh3 Bg7 5. Nf4 Nc6 6. h4 e5 7. dxe5 Nxe5 8. Nd2 d5 9. Nf3 Nxf3+ 10. Bxf3 c6 11. h5 g5 12. h6 Bf8 13. Bh5+ Nxh5 14. Nxh5 Bxh6 15. Qd4 Kf7 16. Bd2 Rg8 17. Bc3 Rg6 18. 0-0-0 Be6 19. Nf4 c5 20. Qe5 gxf4 21. Rxh6 Rxh6 22. Qg7+ Ke8 23. Qxh6 Qe7 24. Bf6 Qf8 25. Bg7 Qf7 26. gxf4 Qg6 27. Rh1 Qxh6 28. Rxh6 Bg8 29. Rf6 Kd7 30. Rxf5 Be6 31. Rh5 Rg8 32. Be5 Rg1+ 33. Kd2 Bg8 34. f5 d4 35. b3 a5 36. a4 Kc6 37. f6 Rg4 38. f4 Rg2 39. Ke1 b6 40. Kf1 Rg4 41. Kf2 Rg6 42. f5 Rg4 43. Bg3 Re4 44. Rxh7 1-0

[Event "BCF-chT2 0405 (4NCL)"]
[Site "West Bromwich"]
[Date "2005.05.01"]
[Round "10.1"]
[White "Stanford, Maxim Barth"]
[Black "Rechel, Bernd"]
[Result "0-1"]
[WhiteElo "2331"]
[BlackElo "2408"]
[PlyCount "126"]
[EventDate "2004.09.18"]
[EventType "team"]
[EventRounds "11"]
[EventCountry "ENG"]
[SourceTitle "EXT 2006"]
[Source "ChessBase"]
[SourceDate "2005.11.24"]
[SourceVersion "1"]
[SourceVersionDate "2005.11.24"]
[SourceQuality "1"]
[WhiteTeam "Barbican II"]
[BlackTeam "Wood Green III"]
[WhiteTeamCountry "ENG"]
[BlackTeamCountry "ENG"]

1. d4 Nf6 2. c4 g6 3. Nc3 Bg7 4. e4 d6 5. Be2 0-0 6. Nf3 e5 7. 0-0 Nc6 8. d5 Ne7 9. Ne1 Nd7 10. Be3 f5 11. f3 f4 12. Bf2 g5 13. Rc1 Rf6 14. c5 a6 15. Nd3 Rh6 16. Qb3 Kh8 17. Na4 b5 18. cxd6 cxd6 19. Nc3 Qe8 20. Kh1 Qh5 21. Bg1 Nf6 22. Nf2 Qe8 23. Bd1 Nh5 24. Ne2 Ng3+ 25. Nxg3 fxg3 26. Ng4 Rh4 27. Qb4 Qh5 28. Rxc8+ Nxc8 29. Qe1 Qf7 30. Qxg3 Ne7 31. Be3 Qg6 32. Qe1 Rh5 33. Qa5 Ng8 34. Qc7 Nf6 35. Qxd6 Nxg4 36. Qxg6 Rxh2+ 37. Kg1 Rxg2+ 38. Kh1 hxg6 39. fxg4 Rxb2 40. Bb3 Rf8 41. Rc1 Rf3 42. Bxg5 Bf8 43. Kg1 Rg3+ 44. Kf1 Rf3+ 45. Kg1 Rg3+ 46. Kf1 Rxg4 47. Bf6+ Bg7 48. Be7 Rf4+ 49. Kg1 Rxe4 50. d6 Rd2 51. Be6 Kh7 52. d7 Red4 53. Rc7 Kh6 54. Kf1 e4 55. d8Q Rxd8 56. Bxd8 Rxd8 57. Rc6 Kg5 58. Bf7 Kf4 59. Bxg6 e3 60. Bh5 Rd2 61. Rxa6 Rf2+ 62. Kg1 Bd4 63. Ra3 e2 0-1

[Event "Bundesliga 0405"]
[Site "Germany"]
[Date "2005.03.12"]
[Round "12.5"]
[White "Brueggemann, Joachim"]
[Black "Rechel, Bernd"]
[Result "0-1"]
[WhiteElo "2404"]
[BlackElo "2408"]
[PlyCount "106"]
[EventDate "2004.11.12"]
[EventType "team-tourn"]
[EventRounds "15"]
[EventCountry "GER"]
[SourceTitle "CBM 106"]
[Source "ChessBase"]
[SourceDate "2005.06.06"]
[SourceVersion "1"]
[SourceVersionDate "2005.06.06"]
[SourceQuality "1"]
[WhiteTeam "Erfurt"]
[BlackTeam "Hofheim"]
[WhiteTeamCountry "GER"]
[BlackTeamCountry "GER"]

1. e4 c5 2. Nf3 d6 3. d4 cxd4 4. Nxd4 Nf6 5. Nc3 a6 6. Bg5 e6 7. Qe2 h6 8. Bh4 Be7 9. 0-0-0 Nxe4 10. Bxe7 Nxc3 11. Bxd8 Nxe2+ 12. Nxe2 Kxd8 13. Rxd6+ Ke7 14. Rd2 b5 15. g3 Bb7 16. Rg1 Nd7 17. Nd4 Nf6 18. Bg2 Bxg2 19. Rxg2 Rac8 20. f3 Rhd8 21. Rge2 Rd5 22. Re3 Rc4 23. Red3 g5 24. Ne2 h5 25. b3 Rcc5 26. Nc3 Rxd3 27. Rxd3 g4 28. f4 h4 29. b4 Rc4 30. a3 h3 31. Kb2 Ne4 32. Nd1 f5 33. Kb3 Rc6 34. Kb2 Rd6 35. Kc1 e5 36. fxe5 Rxd3 37. cxd3 Nxg3 38. Ne3 Ke6 39. Kd2 Kxe5 40. Ke1 Nh5 41. Kf2 Nf4 42. d4+ Ke4 43. Nc2 Nd5 44. Na1 Kxd4 45. Nb3+ Kc4 46. Na5+ Kc3 47. Nb7 Kb2 48. Nc5 Kxa3 49. Nxa6 Nxb4 50. Nc7 Nd3+ 51. Kg3 b4 52. Nb5+ Ka4 53. Nd4 b3 0-1

[Event "BCF-chT 0405 (4NCL)"]
[Site "West Bromwich"]
[Date "2005.01.23"]
[Round "6.4"]
[White "Rechel, Bernd"]
[Black "Sherwin, James T"]
[Result "1-0"]
[WhiteElo "2408"]
[BlackElo "2302"]
[PlyCount "79"]
[EventDate "2004.09.18"]
[EventType "team"]
[EventRounds "11"]
[EventCountry "ENG"]
[SourceTitle "EXT 2006"]
[Source "ChessBase"]
[SourceDate "2005.11.24"]
[SourceVersion "1"]
[SourceVersionDate "2005.11.24"]
[SourceQuality "1"]
[WhiteTeam "Wood Green II"]
[BlackTeam "Bristol"]
[WhiteTeamCountry "ENG"]
[BlackTeamCountry "ENG"]

1. e4 c5 2. Nf3 e6 3. d4 cxd4 4. Nxd4 Nc6 5. Nc3 Qc7 6. Ndb5 Qb8 7. Be3 a6 8. Bb6 axb5 9. Nxb5 Bb4+ 10. c3 Ba5 11. Nc7+ Qxc7 12. Bxc7 Bxc7 13. Qg4 g6 14. Bb5 Nge7 15. 0-0 0-0 16. a4 f5 17. Qe2 fxe4 18. Qxe4 d5 19. Qe2 e5 20. b4 Kg7 21. Bxc6 Nxc6 22. Qb5 Rd8 23. a5 Ne7 24. Rfd1 Ra6 25. Qc5 Bd6 26. Qe3 Bc7 27. b5 Re6 28. Qa7 Rd7 29. c4 d4 30. c5 e4 31. Qa8 Be5 32. a6 bxa6 33. bxa6 d3 34. Ra4 Bd4 35. c6 Rxc6 36. a7 Bb7 37. Qxb7 Rxb7 38. a8Q Rd7 39. Qe8 Rcd6 40. Ra8 1-0

[Event "BCF-chT 0405 (4NCL)"]
[Site "West Bromwich"]
[Date "2005.01.22"]
[Round "5.6"]
[White "Plaskett, H James"]
[Black "Rechel, Bernd"]
[Result "1/2-1/2"]
[WhiteElo "2490"]
[BlackElo "2408"]
[PlyCount "89"]
[EventDate "2004.09.18"]
[EventType "team"]
[EventRounds "11"]
[EventCountry "ENG"]
[SourceTitle "EXT 2006"]
[Source "ChessBase"]
[SourceDate "2005.11.24"]
[SourceVersion "1"]
[SourceVersionDate "2005.11.24"]
[SourceQuality "1"]
[WhiteTeam "Guildford"]
[BlackTeam "Wood Green II"]
[WhiteTeamCountry "ENG"]
[BlackTeamCountry "ENG"]

1. e4 c5 2. Nf3 d6 3. d4 cxd4 4. Nxd4 Nf6 5. Nc3 a6 6. Bg5 e6 7. f4 Be7 8. Qf3 Qc7 9. 0-0-0 Nbd7 10. Bd3 h6 11. Qh3 Nb6 12. f5 e5 13. Nde2 Bd7 14. Be3 Nc4 15. Bf2 b5 16. Kb1 b4 17. Nd5 Nxd5 18. exd5 Bf6 19. Bh4 Bxh4 20. Qxh4 Ne3 21. f6 g5 22. Qxb4 Nxd1 23. Rxd1 Rb8 24. Qd2 Qb6 25. c4 Bg4 26. h3 Bxe2 27. Qxe2 a5 28. Rd2 Kd8 29. Be4 Qg1+ 30. Rd1 Qc5 31. Bc2 Rb4 32. a3 Rb7 33. Qd3 e4 34. Qc3 Re8 35. Ba4 Re5 36. Bc6 Rc7 37. b4 axb4 38. axb4 Qf2 39. c5 Ra7 40. cxd6 Qa2+ 41. Kc1 e3 42. Qxe5 Qc4+ 43. Kb1 Qb3+ 44. Kc1 Qc4+ 45. Kb1 1/2-1/2

[Event "Bundesliga 0405"]
[Site "Germany"]
[Date "2004.12.12"]
[Round "6.5"]
[White "Saltaev, Mihail"]
[Black "Rechel, Bernd"]
[Result "1/2-1/2"]
[WhiteElo "2485"]
[BlackElo "2408"]
[PlyCount "25"]
[EventDate "2004.11.12"]
[EventType "team-tourn"]
[EventRounds "15"]
[EventCountry "GER"]
[SourceTitle "CBM 105"]
[Source "ChessBase"]
[SourceDate "2005.04.11"]
[SourceVersion "1"]
[SourceVersionDate "2005.04.11"]
[SourceQuality "1"]
[WhiteTeam "Muelheim Nord"]
[BlackTeam "Hofheim"]
[WhiteTeamCountry "GER"]
[BlackTeamCountry "GER"]

1. e4 c5 2. Nf3 d6 3. d4 cxd4 4. Nxd4 Nf6 5. Nc3 a6 6. Bc4 e6 7. a4 Nxe4 8. Nxe4 d5 9. Bg5 Be7 10. Bxe7 Qxe7 11. 0-0 dxe4 12. Re1 f5 13. c3 1/2-1/2

[Event "Bundesliga 0405"]
[Site "Germany"]
[Date "2004.12.11"]
[Round "5.6"]
[White "L'Ami, Erwin"]
[Black "Rechel, Bernd"]
[Result "1-0"]
[WhiteElo "2516"]
[BlackElo "2408"]
[PlyCount "73"]
[EventDate "2004.11.12"]
[EventType "team-tourn"]
[EventRounds "15"]
[EventCountry "GER"]
[SourceTitle "CBM 105"]
[Source "ChessBase"]
[SourceDate "2005.04.11"]
[SourceVersion "1"]
[SourceVersionDate "2005.04.11"]
[SourceQuality "1"]
[WhiteTeam "Katernberg"]
[BlackTeam "Hofheim"]
[WhiteTeamCountry "GER"]
[BlackTeamCountry "GER"]

1. d4 Nf6 2. c4 g6 3. Nc3 Bg7 4. e4 d6 5. Nf3 0-0 6. Be2 e5 7. Be3 h6 8. 0-0 Ng4 9. Bc1 Nc6 10. d5 Ne7 11. Ne1 h5 12. h3 Nh6 13. f4 exf4 14. Bxf4 f5 15. Qd2 Nf7 16. Nf3 fxe4 17. Nxe4 Nf5 18. Bd3 c6 19. dxc6 bxc6 20. Rad1 Qb6+ 21. c5 dxc5 22. Bc4 Ba6 23. Bxf7+ Rxf7 24. Neg5 Qxb2 25. Qxb2 Bxb2 26. Rfe1 Rf6 27. Rd7 Bc4 28. Rb1 Bc3 29. Ne4 Bxa2 30. Rbb7 Ba1 31. Nxf6+ Bxf6 32. Be5 Bxe5 33. Nxe5 Be6 34. Rdc7 a5 35. Nxg6 a4 36. Rh7 a3 37. Rh8# 1-0

[Event "BCF-chT 0405 (4NCL)"]
[Site "West Bromwich"]
[Date "2004.09.19"]
[Round "2.4"]
[White "Rechel, Bernd"]
[Black "Emms, John M"]
[Result "0-1"]
[WhiteElo "2408"]
[BlackElo "2505"]
[PlyCount "56"]
[EventDate "2004.09.18"]
[EventType "team"]
[EventRounds "11"]
[EventCountry "ENG"]
[SourceTitle "EXT 2006"]
[Source "ChessBase"]
[SourceDate "2005.11.24"]
[SourceVersion "1"]
[SourceVersionDate "2005.11.24"]
[SourceQuality "1"]
[WhiteTeam "Wood Green II"]
[BlackTeam "Wood Green"]
[WhiteTeamCountry "ENG"]
[BlackTeamCountry "ENG"]

1. e4 c5 2. Nf3 e6 3. c3 d5 4. e5 d4 5. Bd3 Bd7 6. 0-0 Bc6 7. Re1 Ne7 8. b4 cxb4 9. Nxd4 Ng6 10. Bc4 Be7 11. a3 bxc3 12. dxc3 0-0 13. Qh5 Nd7 14. Nxc6 bxc6 15. Nd2 Qa5 16. Re3 Ndxe5 17. Rh3 h6 18. Nb3 Qa4 19. Bxh6 gxh6 20. Qxh6 Rfd8 21. Bxe6 fxe6 22. f4 Qxb3 23. Qh5 Rab8 24. Rc1 Qb6+ 25. Kh1 Qb1 26. Qh7+ Kf8 27. Qh6+ Ke8 28. fxe5 Rd1+ 0-1

[Event "BCF-chT 0304 (4NCL)"]
[Site "West Bromwich"]
[Date "2004.05.01"]
[Round "7.3"]
[White "Rowson, Jonathan"]
[Black "Rechel, Bernd"]
[Result "1-0"]
[WhiteElo "2547"]
[BlackElo "2420"]
[PlyCount "53"]
[EventDate "2003.10.18"]
[EventType "team"]
[EventRounds "11"]
[EventCountry "ENG"]
[SourceTitle "EXT 2005"]
[Source "ChessBase"]
[SourceDate "2004.11.15"]
[SourceVersion "1"]
[SourceVersionDate "2004.11.15"]
[SourceQuality "1"]
[WhiteTeam "Guildford"]
[BlackTeam "Wood Green II"]
[WhiteTeamCountry "ENG"]
[BlackTeamCountry "ENG"]

1. d4 Nf6 2. c4 g6 3. Nc3 Bg7 4. e4 d6 5. f3 0-0 6. Be3 Nbd7 7. Qd2 c5 8. d5 Ne5 9. Bg5 Re8 10. f4 Ned7 11. Nf3 e6 12. dxe6 Rxe6 13. Bd3 b5 14. 0-0 b4 15. Nd5 Qa5 16. e5 Nxd5 17. cxd5 Re8 18. e6 c4 19. exd7 Bxd7 20. Bc2 Bxb2 21. f5 Bc3 22. Qf4 Bxa1 23. Rxa1 b3 24. Bf6 Qc5+ 25. Bd4 Qxd5 26. Qh6 Re5 27. f6 1-0

[Event "Bundesliga 0304"]
[Site "Germany"]
[Date "2004.03.28"]
[Round "13.5"]
[White "Sandner, Gunter"]
[Black "Rechel, Bernd"]
[Result "1-0"]
[WhiteElo "2311"]
[BlackElo "2420"]
[PlyCount "35"]
[EventDate "2003.11.01"]
[EventType "team-tourn"]
[EventRounds "15"]
[EventCountry "GER"]
[SourceTitle "CBM 100"]
[Source "ChessBase"]
[SourceDate "2004.06.01"]
[SourceVersion "1"]
[SourceVersionDate "2004.06.01"]
[SourceQuality "1"]
[WhiteTeam "Plauen Koenig"]
[BlackTeam "Hofheim"]
[WhiteTeamCountry "GER"]
[BlackTeamCountry "GER"]

1. Nf3 f5 2. d3 d6 3. e4 e5 4. Nc3 Nc6 5. exf5 Bxf5 6. d4 Nxd4 7. Nxd4 exd4 8. Qxd4 c6 9. Bf4 Qb6 10. Qd2 d5 11. 0-0-0 0-0-0 12. Bd3 Bxd3 13. Qxd3 Nh6 14. Qh3+ Rd7 15. Nxd5 Qd8 16. Bxh6 cxd5 17. Rxd5 Kc7 18. Bf4+ 1-0

[Event "BCF-chT 0203 (4NCL)"]
[Site "West Bromwich"]
[Date "2003.04.12"]
[Round "7.3"]
[White "Palliser, Richard"]
[Black "Rechel, Bernd"]
[Result "0-1"]
[WhiteElo "2441"]
[BlackElo "2414"]
[PlyCount "81"]
[EventDate "2002.11.??"]
[EventType "team"]
[EventRounds "11"]
[EventCountry "ENG"]
[SourceTitle "EXT 2004"]
[Source "ChessBase"]
[SourceDate "2003.11.25"]
[SourceVersion "1"]
[SourceVersionDate "2003.11.25"]
[SourceQuality "1"]
[WhiteTeam "Barbican"]
[BlackTeam "Wood Green II"]
[WhiteTeamCountry "ENG"]
[BlackTeamCountry "ENG"]

1. d4 f5 2. Nc3 d5 3. Bf4 e6 4. e3 a6 5. Nf3 c5 6. dxc5 Bxc5 7. Bd3 Nf6 8. 0-0 Nc6 9. Ne2 Bd6 10. Bxd6 Qxd6 11. c4 Nb4 12. cxd5 Nxd3 13. Qxd3 e5 14. Qc3 e4 15. Ng5 0-0 16. Nf4 Bd7 17. Nge6 Rfc8 18. Qb3 b5 19. Rac1 Rab8 20. a3 h6 21. h4 Rc4 22. Rxc4 bxc4 23. Qc3 Rb3 24. Qxc4 Rxb2 25. Qc5 Qxc5 26. Nxc5 Rd2 27. Rc1 Bb5 28. a4 Be8 29. Nb3 Ra2 30. Nd4 Bd7 31. Rc7 Rxa4 32. f3 Ra2 33. Nh5 Nxh5 34. Rxd7 f4 35. exf4 e3 36. Re7 Nxf4 37. d6 Rxg2+ 38. Kh1 Rd2 39. Nf5 e2 40. Rxg7+ Kf8 41. Rg1 0-1

[Event "BCF-chT 0203 (4NCL)"]
[Site "West Bromwich"]
[Date "2002.11.24"]
[Round "2.3"]
[White "Baburin, Alexander"]
[Black "Rechel, Bernd"]
[Result "1-0"]
[WhiteElo "2580"]
[BlackElo "2414"]
[PlyCount "51"]
[EventDate "2002.11.??"]
[EventType "team"]
[EventRounds "11"]
[EventCountry "ENG"]
[SourceTitle "EXT 2004"]
[Source "ChessBase"]
[SourceDate "2003.11.25"]
[SourceVersion "1"]
[SourceVersionDate "2003.11.25"]
[SourceQuality "1"]
[WhiteTeam "Wood Green"]
[BlackTeam "Wood Green II"]
[WhiteTeamCountry "ENG"]
[BlackTeamCountry "ENG"]

1. d4 f5 2. g3 Nf6 3. Bg2 g6 4. Nf3 Bg7 5. 0-0 0-0 6. b4 d6 7. Bb2 c6 8. c4 Na6 9. a3 h6 10. Nbd2 g5 11. Qc2 Nc7 12. Rfe1 Qe8 13. e4 fxe4 14. Nxe4 Qg6 15. d5 Bf5 16. Nxf6+ Bxf6 17. Qd2 Bxb2 18. Qxb2 e5 19. dxc6 bxc6 20. Nd2 Bd7 21. c5 Nb5 22. Nc4 Rae8 23. cxd6 e4 24. Rad1 Qf7 25. Ne5 Qg7 26. Rxe4 1-0

[Event "BCF-chT 0203 (4NCL)"]
[Site "West Bromwich"]
[Date "2002.11.23"]
[Round "1.3"]
[White "Rechel, Bernd"]
[Black "Wohl, Aleksandar H"]
[Result "1-0"]
[WhiteElo "2414"]
[BlackElo "2422"]
[PlyCount "72"]
[EventDate "2002.11.??"]
[EventType "team"]
[EventRounds "11"]
[EventCountry "ENG"]
[SourceTitle "EXT 2004"]
[Source "ChessBase"]
[SourceDate "2003.11.25"]
[SourceVersion "1"]
[SourceVersionDate "2003.11.25"]
[SourceQuality "1"]
[WhiteTeam "Wood Green II"]
[BlackTeam "Slough"]
[WhiteTeamCountry "ENG"]
[BlackTeamCountry "ENG"]

1. e4 e5 2. f4 Nc6 3. Nf3 f5 4. d4 fxe4 5. Nxe5 Nf6 6. d5 Ne7 7. Nc3 a6 8. Ng4 Neg8 9. Ne3 Bb4 10. g4 Ne7 11. g5 Ng6 12. Qd4 Bxc3+ 13. bxc3 Nh5 14. f5 Qxg5 15. fxg6 Qh4+ 16. Kd1 d6 17. Bd2 0-0 18. gxh7+ Kh8 19. Kc1 c5 20. dxc6 bxc6 21. Qxd6 Bg4 22. Nxg4 Qxg4 23. Qc5 Rad8 24. Qg5 Qd7 25. Be2 Nf6 26. a4 Nd5 27. c4 Nf6 28. Bc3 Qh3 29. Rg1 Rd7 30. Ra3 Qxh2 31. Rg2 Qh1+ 32. Kb2 e3 33. Rb3 c5 34. Bd3 e2 35. Bxe2 Qh3 36. Bxf6 Qxh7 1-0